[Event "Litomysl op 17th"]
[Site "Litomysl"]
[Date "2015.12.26"]
[Round "1"]
[White "Sabuk, Piotr"]
[Black "Kouba, Libor"]
[Result "1-0"]
[WhiteElo "2417"]
[BlackElo "1874"]
[PlyCount "87"]
[EventDate "2015.12.26"]
[EventType "swiss"]
[EventRounds "9"]
[EventCountry "CZE"]
[SourceTitle "CBM 170 Extra"]
[Source "ChessBase"]
[SourceDate "2016.02.25"]
[SourceVersion "1"]
[SourceVersionDate "2016.02.25"]
[SourceQuality "1"]

1. d4 Nf6 2. c4 g6 3. Nc3 Bg7 4. e4 d6 5. Nf3 Nbd7 6. Bd3 0-0 7. h3 e5 8. d5 Nc5 9. Bc2 a5 10. Bg5 h6 11. Be3 Nh5 12. g3 c6 13. dxc6 bxc6 14. Bxc5 dxc5 15. Qxd8 Rxd8 16. Na4 Rb8 17. Rb1 f6 18. Nxc5 Bf8 19. Na4 Ng7 20. Kf1 Ne6 21. Kg2 Nd4 22. Nxd4 Rxd4 23. Rhd1 Be6 24. Rxd4 exd4 25. b3 Ba3 26. c5 Kf7 27. Rd1 Rd8 28. Bd3 Ke7 29. f4 f5 30. Kf3 h5 31. exf5 Bxf5 32. g4 Bxd3 33. Rxd3 Bc1 34. Nb6 Bb2 35. Nc4 Bc3 36. Ne5 hxg4+ 37. hxg4 Kf6 38. Nxc6 Rc8 39. g5+ Ke6 40. Nxd4+ Bxd4 41. Rxd4 Rxc5 42. Rc4 Rb5 43. Rc6+ Kf5 44. Rf6# 1-0